000 00799nam a2200253Ia 4500
003 OSt
005 20220923230955.0
006 a|||||r|||| 00| 0
007 ta
008 220922b |||||||| |||| 00| 0 hin d
024 _a327,220
037 _cTextual
040 _aARTS
_cARTS
_bhin
041 _2hin
_ahin
082 _aO152,1H50x, P8
100 _aशिवप्रसाद सिंह, ले.
245 0 _aविद्यापति
246 _aVidyāpati
260 _aइलाहाबाद
_b लोकभारती प्रकाशन
_c2008
300 _a306पृ.
_ccm.
650 _aहिन्दी कविता
942 _hO152,1H50x, P8
_cTEXL
_2CC
999 _c388513
_d388513